La filosofía política en la formación del abogado (Registro nro. 21826)
[ vista simple ]
| 000 -LEADER | |
|---|---|
| fixed length control field | 00329 a2200109 4500 |
| 001 - CONTROL NUMBER | |
| control field | ART_42036 |
| 005 - DATE AND TIME OF LATEST TRANSACTION | |
| control field | 20260410161815.0 |
| 008 - FIXED-LENGTH DATA ELEMENTS--GENERAL INFORMATION | |
| fixed length control field | 260409a |
| 100 1# - MAIN ENTRY--PERSONAL NAME | |
| Personal name | D'Auria, Aníbal |
| 245 10 - TITLE STATEMENT | |
| Title | La filosofía política en la formación del abogado |
| 773 0# - HOST ITEM ENTRY | |
| Title | Academia |
| Related parts | - Año 1, Nº 1 (mar./jun. 2003) |
| Record control number | REV4314 |
No hay ítems disponibles.